Alegato del señor Ignacio Domínguez ante el C. juez 5o de Distrito en el amparo interpuesto contra actos de la Junta Central de Conciliación y Arbitraje del Distrito Federal/ (Registro nro. 29614)

Detalles MARC
000 -LEADER
campo de control de longitud fija 01704aam a2200433 i 4500
001 - NÚMERO DE CONTROL
campo de control MOR01000029634
005 - FECHA Y HORA DE LA ÚLTIMA TRANSACCIÓN
campo de control 20260331111905.0
007 - CAMPO FIJO DE DESCRIPCIÓN FÍSICA--INFORMACIÓN GENERAL
campo de control de longitud fija ta
008 - DATOS DE LONGITUD FIJA--INFORMACIÓN GENERAL
campo de control de longitud fija 891018s1932 dfm g 000 0 spa d
035 ## - NÚMERO DE CONTROL DEL SISTEMA
Número de control de sistema 896090
040 ## - FUENTE DE CATALOGACIÓN
Centro catalogador/agencia de origen mxcmmo
Lengua de catalogación spa
Normas de descripción rda
Centro/agencia transcriptor mxcmmo
041 0# - CÓDIGO DE IDIOMA
Código de lengua del texto/banda sonora o título independiente spa
043 ## - CÓDIGO DE ÁREA GEOGRÁFICA
Código de área geográfica n-mx-df
082 ## - NÚMERO DE LA CLASIFICACIÓN DECIMAL DEWEY
Número de clasificación D349.72
Número de ítem MIS.6
100 1# - ENTRADA PRINCIPAL--NOMBRE DE PERSONA
Nombre de persona Domínguez, Ignacio
Término indicativo de función/relación autor
9 (RLIN) 55292
245 10 - MENCIÓN DEL TÍTULO
Título Alegato del señor Ignacio Domínguez ante el C. juez 5o de Distrito en el amparo interpuesto contra actos de la Junta Central de Conciliación y Arbitraje del Distrito Federal/
Mención de responsabilidad, etc. Genaro Palacios Moreno, Neguib Simón
264 #1 - PRODUCCIÓN, PUBLICACIÓN, DISTRIBUCIÓN, FABRICACIÓN Y COPYRIGHT
Producción, publicación, distribución, fabricación y copyright México :
Nombre del de productor, editor, distribuidor, fabricante [publisher not identified],
Fecha de producción, publicación, distribución, fabricación o copyright 1932.
300 ## - DESCRIPCIÓN FÍSICA
Extensión 56 páginas;
Dimensiones 25 cm
336 ## - TIPO DE CONTENIDO
Término de tipo de contenido texto
Código de tipo de contenido txt
Fuente rdacontent
337 ## - TIPO DE MEDIO
Nombre/término del tipo de medio sin medio
Código del tipo de medio n
Fuente rdamedia
338 ## - TIPO DE SOPORTE
Nombre/término del tipo de soporte volumen
Código del tipo de soporte nc
Fuente rdacarrier
500 ## - NOTA GENERAL
Nota general Título de la cubierta: La Junta Central de Conciliación y Arbitraje del D.F., es un desastre
610 #7 - PUNTO DE ACCESO ADICIONAL DE MATERIA--NOMBRE DE ENTIDAD CORPORATIVA
Nombre de entidad corporativa o nombre de jurisdicción como elemento de entrada México (D.F.)
Unidad subordinada Junta Central de Conciliacion y Arbitraje
Subdivisión general Historia
9 (RLIN) 55293
650 #7 - PUNTO DE ACCESO ADICIONAL DE MATERIA--TÉRMINO DE MATERIA
Término de materia o nombre geográfico como elemento de entrada Arbitraje industrial
Subdivisión geográfica México
9 (RLIN) 14478
650 #7 - PUNTO DE ACCESO ADICIONAL DE MATERIA--TÉRMINO DE MATERIA
Término de materia o nombre geográfico como elemento de entrada Trabajo
Subdivisión general Conflictos
Subdivisión geográfica Mexico
9 (RLIN) 14479
700 1# - ENTRADA AGREGADA--NOMBRE PERSONAL
Nombre de persona Palacios Moreno, Genaro
9 (RLIN) 55294
700 1# - ENTRADA AGREGADA--NOMBRE PERSONAL
Nombre de persona Simon, Neguib
9 (RLIN) 55295
710 1# - ENTRADA AGREGADA--NOMBRE DE ENTIDAD CORPORATIVA
Nombre de entidad corporativa o nombre de jurisdicción como elemento de entrada Mexico (D.F.)
Unidad subordinada Junta Central de Conciliacion y Arbitraje
9 (RLIN) 55296
900 ## - ELEMENTOS DE DATOS A LOCAL, LDA (RLIN)
Nombre de persona ALEPH14
Numeración 10
Títulos y otros términos asociados al nombre 20061103
Lenguaje de la obra MOR01
-- 1044
900 ## - ELEMENTOS DE DATOS A LOCAL, LDA (RLIN)
Nombre de persona BATCH-UPD
Numeración 00
Títulos y otros términos asociados al nombre 20120323
Lenguaje de la obra MOR01
-- 1735
900 ## - ELEMENTOS DE DATOS A LOCAL, LDA (RLIN)
Nombre de persona BATCH-UPD
Numeración 40
Títulos y otros términos asociados al nombre 20120321
Lenguaje de la obra MOR01
-- 1653
900 ## - ELEMENTOS DE DATOS A LOCAL, LDA (RLIN)
Nombre de persona BATCH
Numeración 00
Títulos y otros términos asociados al nombre 20120322
Lenguaje de la obra MOR01
-- 1716
900 ## - ELEMENTOS DE DATOS A LOCAL, LDA (RLIN)
Nombre de persona DYNIX
Numeración 00
Títulos y otros términos asociados al nombre 20030304
Lenguaje de la obra MOR01
-- 1718
900 ## - ELEMENTOS DE DATOS A LOCAL, LDA (RLIN)
Nombre de persona MARC21
Numeración 40
Títulos y otros términos asociados al nombre 20120913
Lenguaje de la obra MOR01
-- 1438
900 ## - ELEMENTOS DE DATOS A LOCAL, LDA (RLIN)
Nombre de persona VOBO
Numeración 40
Títulos y otros términos asociados al nombre 20080822
Lenguaje de la obra MOR01
-- 1311
904 ## - ELEMENTOS DE DATOS D LOCAL, LDD (RLIN)
a UPDATE
942 ## - ELEMENTOS DE ENTRADA SECUNDARIOS (KOHA)
Código de la institución [OBSOLETO] BK
901 ## - ELEMENTOS DE DATOS A LOCAL LDA (RLIN)
a batch batch
Existencias
Estatus retirado Estado de pérdida Fuente del sistema de clasificación o colocación Estado de daño No para préstamo Colección Biblioteca de origen Biblioteca actual Ubicación en estantería Fecha de adquisición Número de inventario Total de préstamos Signatura topográfica completa Código de barras Visto por última vez Precio de reemplazo Tipo de ítem Koha
    Clasificación Decimal Dewey     Libros (General) Biblioteca Instituto Mora Biblioteca Instituto Mora Regular 21/06/1994 045829   (G)/D349.72 MIS.6 33291000219945 03/09/2024 03/09/2024 Libro préstamo regular